Cuba: un análisis social, económico y político actual /

Salvato in:
Dettagli Bibliografici
Autore principale: Roque Cabello, Martha Beatriz
Natura: testo
Tags: Aggiungi Tag
Nessun Tag, puoi essere il primo ad aggiungerne!!

MARC

LEADER 00000 a a2200000 04500
001 9735
003
040
100 |a Roque Cabello, Martha Beatriz  
245 |a Cuba:   |b un análisis social, económico y político actual /  |c Martha Beatriz Roque Cabello 
773 |g número 1; páginas 4-11  
999 |c 36799  |d 36799